Construcción social de conocimiento : (Record no. 199268)

MARC details
000 -CABECERA
campo de control de longitud fija 00772nam a2200229 a 4500
005 - FECHA Y HORA DE LA ÚLTIMA TRANSACCIÓN
campo de control 20250108063742.0
008 - ELEMENTOS DE LONGITUD FIJA--INFORMACIÓN GENERAL
campo de control de longitud fija 181011s2017 mx r 000 0 spa d
020 ## - NÚMERO INTERNACIONAL NORMALIZADO PARA LIBROS
Número Internacional Estándar del Libro 9786074132779
035 ## - NÚMERO DE CONTROL DEL SISTEMA
Número de control de sistema UPN01000227172
049 ## - COLECCIÓN
Colección CG
050 #4 - SIGNATURA TOPOGRÁFICA DE LA BIBLIOTECA DEL CONGRESO
Número de clasificación LB1034
Número de documento/Ítem C3.3
100 1# - ASIENTO PRINCIPAL--NOMBRE PERSONAL
Nombre de persona Carranza Peña, María Guadalupe
9 (RLIN) 33698
245 10 - MENCIÓN DE TÍTULO
Título Construcción social de conocimiento :
Resto del título la interacción discursiva en el aula /
Mención de responsabilidad, etc. María Guadalupe Carranza Peña.
260 ## - PUBLICACIÓN, DISTRIBUCIÓN, ETC.
Lugar de publicación, distribución, etc. México :
Nombre del editor, distribuidor, etc. UPN,
Fecha de publicación, distribución, etc. 2017.
300 ## - DESCRIPCIÓN FÍSICA
Extensión 222 p.
440 #0 - MENCIÓN DE SERIE/ASIENTO SECUNDARIO--TÍTULO
Título Horizontes educativos
590 ## - NOTA LOCAL (RLIN)
Nota local También localizas un ejemplar en el "Area de Reserva"
650 #4 - ASIENTO SECUNDARIO DE MATERIA - TERMINO TEMATICO
Término de materia o nombre geográfico como elemento de entrada Análisis del proceso de interacción en educación
9 (RLIN) 270
650 #4 - ASIENTO SECUNDARIO DE MATERIA - TERMINO TEMATICO
Término de materia o nombre geográfico como elemento de entrada COMUNICACION EN EL AULA
9 (RLIN) 9563
905 ## - TIPO DE MATERIAL
Tipo de material Libro
Holdings
Estado de retiro Estado de pérdida Fuente del sistema de clasificación o colocación Estado dañado No para préstamo Código de colección Localización permanente Ubicación/localización actual Ubicación en estantería Fecha de adquisición Total de préstamos Renovaciones totales Clasificación Código de barras Fecha visto por última vez Fecha del último préstamo Número de copia Tipo de ítem Koha En préstamo Restricciones de uso Precio válido a partir de
    Library of Congress Classification     Colección General Bib. Gregorio Torres Quintero Bib. Gregorio Torres Quintero Planta baja 28/02/2023 6 3 LB1034 C3.3 327096 03/06/2024 08/05/2024 1 Libro      
    Library of Congress Classification     Colección General Bib. Gregorio Torres Quintero Bib. Gregorio Torres Quintero Planta baja 28/04/2023 7 1 LB1034 C3.3 327095 19/05/2023 28/04/2023 1 Libro      
    Library of Congress Classification     Colección General Bib. Gregorio Torres Quintero Bib. Gregorio Torres Quintero Planta baja 05/04/2022 9 4 LB1034 C3.3 327097 16/01/2026 07/10/2025 1 Libro      
    Library of Congress Classification     Colección General Bib. Gregorio Torres Quintero Bib. Gregorio Torres Quintero Planta baja 15/03/2022 9 3 LB1034 C3.3 327098 07/05/2025 28/04/2025 1 Libro      
    Library of Congress Classification     Colección General Bib. Gregorio Torres Quintero Bib. Gregorio Torres Quintero Planta baja   2   LB1034 C3.3 327099 31/12/2020   1 Libro 13/02/2020    
    Library of Congress Classification     UPN Bib. Gregorio Torres Quintero Bib. Gregorio Torres Quintero Colecciones especiales Planta alta 18/06/2024     LB1034 C3.3 339017 18/06/2024   Ej.6 Libro   Préstamo por horas 18/06/2024